Electronic measurements & instrumentation (Record no. 5686)

MARC details
000 -LEADER
fixed length control field 00571nam a2200157Ia 4500
003 - CONTROL NUMBER IDENTIFIER
control field SGT
020 ## - INTERNATIONAL STANDARD BOOK NUMBER
International Standard Book Number 9788174092656
082 ## - DEWEY DECIMAL CLASSIFICATION NUMBER
Classification number 621.381
Item number PRA
100 ## - MAIN ENTRY--PERSONAL NAME
Personal name Prasad,Rajendra
245 ## - TITLE STATEMENT
Title Electronic measurements & instrumentation
260 ## - PUBLICATION, DISTRIBUTION, ETC. (IMPRINT)
Name of publisher, distributor, etc Khanna Books Publishing Co. Ltd.
Place of publication, distribution, etc N. Delhi
Year of Publication 2012
300 ## - PAGE DESCRIPTION
No. of Pages 870p.
650 ## - SUBJECT ADDED ENTRY--TOPICAL TERM
Topical term or geographic name as entry element ELECTRONICS INGINEERING
653 ## - KEYWORDS--INDEX TERM
Keyword term INTRODUCTION,CHARACTERISTICS OF INSTRUMENTS,ERRORS IN MEASUREMENT AND THEIR ANALYSIS,INDICATING INSTRUMENTS,ELECTRONIC MEASURING INSTRUMENTS,CATHODE RAY OSCILLOSCOPE,ELECTRONIC COUNTERS
942 ## - ADDED ENTRY ELEMENTS (KOHA)
Source of classification or shelving scheme Dewey Decimal Classification
Koha item type Books
Holdings
Withdrawn status Lost status Source of classification or shelving scheme Damaged status Not for loan Home library Current library Date acquired SGTU Total Checkouts Full call number Accession No. (Barcode) Date last seen Bill Date Koha item type
    Dewey Decimal Classification     SGT Engineering Library SGT Engineering Library 26/10/2013 SGTU   621.381 PRA FE6256 09/02/2015 09/02/2015 Books
    Dewey Decimal Classification     SGT Engineering Library SGT Engineering Library 26/10/2013 SGTU   621.381 PRA FE6257 09/02/2015 09/02/2015 Books